| 000 | 004300000a22001810004500 | ||
|---|---|---|---|
| 003 | MACL | ||
| 005 | 20160122123238.0 | ||
| 008 | 160122b xxu||||| |||| 00| 0 eng d | ||
| 040 |
_aMACL _cMACL |
||
| 041 | _aEnglish | ||
| 082 | _a537.6/GUP | ||
| 100 |
_aKumar, Dr V _934043 |
||
| 245 | _aElectrodynamics | ||
| 260 |
_bPragati Prakashan _c2001 _aMeerut |
||
| 350 | _a130 | ||
| 650 |
_aPhysics _934045 |
||
| 942 |
_cBK _k537/Gup _2ddc |
||
| 999 |
_c32565 _d32565 |
||